Journal of economic, social and cultural rights (Record no. 38387)
[ view plain ]
| 000 -LEADER | |
|---|---|
| fixed length control field | 00594nam a2200169Ia 4500 |
| 022 ## - INTERNATIONAL STANDARD SERIAL NUMBER | |
| ISSN | 1190175 |
| 050 ## - CALL MARK | |
| Classification number | JC 599 .N6 J68/ |
| 245 #0 - TITLE STATEMENT | |
| Title | Journal of economic, social and cultural rights |
| 260 ## - PUBLICATION, DISTRIBUTION, ETC. (IMPRINT) | |
| Place of publication | Surulere, Lagos |
| 260 ## - PUBLICATION, DISTRIBUTION, ETC. (IMPRINT) | |
| Name of publisher | Shelter Rights Initiatives (SRI) |
| 260 ## - PUBLICATION, DISTRIBUTION, ETC. (IMPRINT) | |
| Year of publication | 2001 |
| 300 ## - PHYSICAL DESCRIPTION | |
| Number of Pages | viii. , 134 p. ; 23 cm. |
| 650 ## - SUBJECT ADDED ENTRY--TOPICAL TERM | |
| Topical Term | Human rights--Nigeria--Periodicals. Quality of life--Nigeria--Periodicals. Nigeria--Economic conditions--Periodicals. Nigeria--Social conditions--Periodicals. |
| 942 ## - ADDED ENTRY ELEMENTS (KOHA) | |
| Koha item type | Serials |
No items available.